000 00857nam a2200265Ia 4500
003 OSt
005 20220927115043.0
006 a|||||r|||| 00| 0
007 ta
008 220926b |||||||| |||| 00| 0 eng d
024 _a74901
037 _cThesis and Dissertations
040 _aRTL
_cRTL
_beng
041 _2eng
_aeng
082 _a"X65291:(D6,9(B), L8"
100 _aKohli Uddesh Kumar
_9390352
110 _aDepartment of Economics. University of Delhi
_9390353
245 0 _aInformation system for social cost-benefit analysi
260 _aDelhi
_bUniversity of Delhi India
_c1978
300 _a292p. Bib p 279-92
_ccm.
650 _aSecurity
700 _aDepartment of Economics. University of Delhi
_9390354
942 _h"X65291:(D6,9(B), L8"
_cCC
999 _c705619
_d705619